Celebrità italiane anni 90 - Statistics

Statistiche generali
  • Questo quiz è stato fatto 66 volte
  • Il punteggio medio è 11 su 16
Statistiche sulle risposte
con Immagini Risposta % Corretto
Marco Pantani
95%
Jovanotti
88%
Ambra Angiolini
86%
Juri Chechi
84%
Sandra Mondaini
82%
Simona Ventura
81%
Cesare Cremonini
68%
Leonardo Pieraccioni
68%
Antonio Di Pietro
67%
Fiona May
67%
Gianfranco Zola
67%
Massimo Lopez
67%
Maria Grazia Cucinotta
63%
Martina Colombari
61%
Francesco Cossiga
49%
Claudia Gerini
28%
Nessun quiz corrispondente trovato
Distribuzione punteggi
Percentuale di utenti per punteggio
Percentile per numero di risposta
I tuoi punteggi nel tempo
Non hai fatto questo quiz